[13 i.e.] Thirteen Days tha Shook Argentina - And Now What ? /
保存先:
| 第一著者: | |
|---|---|
| フォーマット: | テキスト |
| 主題: | |
| タグ: |
タグ追加
タグなし, このレコードへの初めてのタグを付けませんか!
|
MARC
| LEADER | 00000 a a2200000 04500 | ||
|---|---|---|---|
| 001 | 9955 | ||
| 003 | |||
| 040 | |||
| 100 | |a Gaudin, Andrés | ||
| 245 | |a [13 i.e.] Thirteen Days tha Shook Argentina - And Now What ? / |c Andrés Gaudin | ||
| 650 | |a RECESION ECONOMICA | ||
| 650 | |a ACCION COLECTIVA | ||
| 650 | |a POLITICA MONETARIA | ||
| 650 | |a POLITICA FISCAL | ||
| 650 | |a ARGENTINA | ||
| 773 | |g volumen 35, número 5; páginas 6-9 | ||
| 999 | |c 25524 |d 25524 | ||
